| 000 | 01050cam a22003255a 4500 | ||
|---|---|---|---|
| 001 | 15275983 | ||
| 005 | 20151025113117.0 | ||
| 008 | 080424s2009 waua frb 001 0 eng d | ||
| 010 | _a 2008018669 | ||
| 020 | _a9781585623044 | ||
| 040 |
_aDNLM/DLC _beng _cDLC _dDLC _dEG-ScBUE |
||
| 082 | 0 | 4 |
_a616.8914 _bPSY _222 |
| 245 | 0 | 0 |
_aTextbook of psychotherapeutic treatments / _cedited by Glen O. Gabbard. |
| 246 | 3 | 0 | _aPsychotherapeutic treatments |
| 250 | _a1st ed. | ||
| 260 |
_aWashington : _bAmerican Psychiatric Publishing, Inc., _cc.2009. |
||
| 300 |
_axx, 876 p. : _bill. ; _c24 cm. |
||
| 500 | _aIndex : p. 829-876. | ||
| 500 | _aWith Online access. | ||
| 504 | _aIncludes bibliographical references. | ||
| 650 | 0 |
_aPsychotherapy. _2BUEsh |
|
| 650 | 0 |
_aPsychiatry. _2BUEsh |
|
| 650 | 1 | 2 |
_aMental Disorders _xtherapy. _2BUEsh _930636 |
| 650 | 1 | 2 |
_aPsychotherapy _xmethods. _2BUEsh |
| 651 | _2BUEsh | ||
| 653 |
_bPPhrm _cOctober2015 |
||
| 655 |
_vText book _933728 |
||
| 700 | 1 |
_aGabbard, Glen O., _teditor. |
|
| 942 |
_2ddc _k616.8914 PSY |
||
| 999 |
_c20964 _d20936 |
||